00394nam a22001217a 450000500170000000800410001704000130005808200210007110000210009224501140011326000340022730000110026120180627104011.0180627b xxu||||| |||| 00| 0 eng d cPK-LaUMT a956.92034bREI-O aReilly, James A. aThe Ottoman cities of Lebanon :bhistoorical legacy and identity in the modern Middle East /cJmaes A. Reilly aLondon :bI. B. Tauris,c2016 a198 p.